|
|
|
|
| LEADER |
02821nam a2200661 i 4500 |
| 001 |
nkc20253707703 |
| 003 |
CZ PrNK |
| 005 |
20260402130750.0 |
| 007 |
ta |
| 008 |
250908s2025 xr e c 000 0dcze |
| 020 |
|
|
|a 978-80-88659-26-6
|q (skládanka)
|
| 040 |
|
|
|a BOA001
|b cze
|e rda
|
| 043 |
|
|
|a e-xr---
|b e-xr-kr
|2 czenas
|
| 045 |
|
|
|a x-y-
|
| 072 |
|
7 |
|a 77
|x Fotografie. Fotografické postupy
|2 Konspekt
|9 21
|
| 080 |
|
|
|a 77.03
|2 MRF
|
| 080 |
|
|
|a 77.065
|2 MRF
|
| 080 |
|
|
|a 316.728
|2 MRF
|
| 080 |
|
|
|a 7.04
|2 MRF
|
| 080 |
|
|
|a (437.3)
|2 MRF
|
| 080 |
|
|
|a (437.313)
|2 MRF
|
| 080 |
|
|
|a (083.824)
|2 MRF
|
| 100 |
1 |
|
|a Merta, Zdeněk,
|d 1955-
|7 xx0055101
|4 art
|
| 245 |
1 |
0 |
|a Zdenek Merta & Jan Merta /
|c text Anna Horák Zemanová, Eva Pražanová
|
| 264 |
|
1 |
|a Hradec Králové :
|b Galerie moderního umění v Hradci Králové,
|c 2025
|
| 300 |
|
|
|a 6 nečíslovaných stran ;
|c 21 x 10 cm
|
| 336 |
|
|
|a text
|b txt
|2 rdacontent
|
| 336 |
|
|
|a statický obraz
|b sti
|2 rdacontent
|
| 337 |
|
|
|a bez média
|b n
|2 rdamedia
|
| 338 |
|
|
|a svazek
|b nc
|2 rdacarrier
|
| 500 |
|
|
|a Vydáno k výstavě Zdenek Merta & Jan Merta, Hradec Králové ve fotografii 1954-1984 konané 20.6.-31.8.2025 v Galerii moderního umění v Hradci Králové
|
| 500 |
|
|
|a Životopisná data a přehled výstav
|
| 504 |
|
|
|a Obsahuje bibliografii
|
| 600 |
1 |
7 |
|a Merta, Zdeněk,
|d 1955-
|7 xx0055101
|2 czenas
|
| 600 |
1 |
7 |
|a Merta, Jan,
|d 1927-2022
|7 xx0001734
|2 czenas
|
| 648 |
|
7 |
|a 20.-21. století
|7 ch462155
|2 czenas
|
| 650 |
0 |
7 |
|a dokumentární fotografie
|7 ph119534
|z Česko
|y 20.-21. století
|2 czenas
|
| 650 |
0 |
7 |
|a černobílá fotografie
|7 ph166376
|z Česko
|y 20.-21. století
|2 czenas
|
| 650 |
0 |
7 |
|a každodenní život
|7 ph121555
|z Česko
|y 20.-21. století
|2 czenas
|
| 650 |
0 |
7 |
|a náměty, témata a motivy
|7 ph138485
|2 czenas
|
| 650 |
0 |
9 |
|a documentary photography
|z Czechia
|y 20th-21st centuries
|2 eczenas
|
| 650 |
0 |
9 |
|a black-and-white photography
|z Czechia
|y 20th-21st centuries
|2 eczenas
|
| 650 |
0 |
9 |
|a everyday life
|z Czechia
|y 20th-21st centuries
|2 eczenas
|
| 650 |
0 |
9 |
|a themes and motives
|2 eczenas
|
| 651 |
|
7 |
|a Hradec Králové (Česko : oblast)
|7 ge134227
|2 czenas
|
| 651 |
|
9 |
|a Hradec Králové Region (Czechia)
|2 eczenas
|
| 655 |
|
7 |
|a katalogy výstav
|7 fd132536
|2 czenas
|
| 655 |
|
9 |
|a exhibition catalogs
|2 eczenas
|
| 700 |
1 |
|
|a Merta, Jan,
|d 1927-2022
|7 xx0001734
|4 art
|
| 700 |
1 |
|
|a Zemanová, Anna
|7 ola20231190682
|4 wfw
|4 cur
|
| 700 |
1 |
|
|a Pražanová, Eva,
|d 1977-
|7 xx0089241
|4 wfw
|4 cur
|
| 710 |
2 |
|
|a Galerie moderního umění (Hradec Králové, Česko)
|7 kn20010709266
|4 orm
|4 pbl
|
| 740 |
0 |
2 |
|a Hradec Králové ve fotografii 1954-1984
|
| 910 |
2 |
|
|a BOA001
|b 2-1550.945
|
| 990 |
|
|
|a BK
|
| 995 |
|
|
|a 61
|
| 991 |
|
|
|b 202511
|c NOV
|
| 996 |
6 |
|
|b 2611018179
|c 2-1550.945
|l MZK
|r Sklad / do 1 hodiny
|n 0
|p p.v.
|w 002025133
|u 000010
|a 1
|e BOA001
|j MZK50
|s P
|